000
00360nam a22001577a 4500
003
MPLRDC
005
20220104142528.0
008
210129b ||||| |||| 00| 0 eng d
082
_a
857.7 YTC-3
100
_a
杨天成著
245
_a
紫丁香
_c
260
_a
_b
环球图书杂志出版社
_c
300
_b
平
650
_a
942
_c
BK
_o
857.7 YTC-3
999
_c
31618
_d
31608